000 00594cam a22001577a 4500
008 180718b2001 xxu||||| |||| 00| 0 eng d
020 _a0700713921
082 _aBx42 N982
100 _aNye, Malory
245 _aMulticulturalism and minority religions in Britain: Krishna consciousness, religious freedom, and the politics of location
_cby Malory Nye
260 _aRichmond
_bCurzon Press
_c2001
300 _a331p.
440 _aCurzon studies in new religious movements
650 _aChurch and minorities - Great Britain
650 _aMulticulturalism - Law and legislation - Great Britain
999 _c396975
_d396975